[Event "SF-2012-0-00134"]
[Site "LSS email"]
[Date "2012.02.10"]
[Round "?"]
[White "Evtyugin, Yury Alekseevich"]
[Black "Khramkov, Alexey Gennadievic"]
[Result "1/2-1/2"]
[WhiteElo "1003"]
[BlackElo "1115"]
[PlyCount "91"]
[EventDate "2012.01.15"]
[EventType "tourn (corr)"]
[EventRounds "6"]
[EventCountry "GER"]
[SourceTitle "Corr 2015"]
[Source "ChessBase"]
[SourceDate "2015.07.17"]
[SourceVersion "1"]
[SourceVersionDate "2015.07.17"]
[SourceQuality "1"]

1. Nf3 f5 2. d4 Nf6 3. c4 d6 4. Nc3 Be6 5. d5 Bg8 6. g3 e5 7. Bg2 Na6 8. 0-0 Qd7 9. a3 g6 10. b4 Bg7 11. Rb1 Bf7 12. Ng5 0-0 13. e4 fxe4 14. Nxf7 Rxf7 15. Nxe4 Nxe4 16. Bxe4 Raf8 17. f4 Nb8 18. Qc2 a6 19. Bd2 exf4 20. Rxf4 Rxf4 21. Bxf4 Qg4 22. Rf1 Nd7 23. Kg2 Ne5 24. c5 Qc8 25. cxd6 cxd6 26. Rc1 Qxc2+ 27. Rxc2 Rf7 28. Rc8+ Rf8 29. Rc7 Rf7 30. Rc8+ Rf8 31. Rxf8+ Kxf8 32. h4 Ke7 33. Bxe5 Bxe5 34. Kf3 Kf6 35. a4 Bc3 36. b5 axb5 37. axb5 b6 38. g4 h6 39. Kf4 g5+ 40. hxg5+ hxg5+ 41. Ke3 Ke5 42. Bf3 Bd4+ 43. Kd3 Kf4 44. Be2 Ke5 45. Kc4 Ke4 46. Bd1 1/2-1/2

[Event "SF-2012-0-00134"]
[Site "LSS email"]
[Date "2012.02.10"]
[Round "?"]
[White "Lombardi, Donato"]
[Black "Khramkov, Alexey Gennadievic"]
[Result "0-1"]
[WhiteElo "863"]
[BlackElo "1115"]
[PlyCount "96"]
[EventDate "2012.01.15"]
[EventType "tourn (corr)"]
[EventRounds "6"]
[EventCountry "GER"]
[SourceTitle "Corr 2015"]
[Source "ChessBase"]
[SourceDate "2015.07.17"]
[SourceVersion "1"]
[SourceVersionDate "2015.07.17"]
[SourceQuality "1"]

1. e4 Nc6 2. d4 d5 3. exd5 Qxd5 4. Nf3 Bg4 5. Be2 0-0-0 6. c3 e5 7. 0-0 exd4 8. cxd4 Nxd4 9. Nxd4 Bxe2 10. Qxe2 Qxd4 11. Nc3 Bd6 12. Be3 Qe5 13. g3 a6 14. Rfe1 Nf6 15. Qf3 h5 16. Bf4 Qf5 17. Qe3 Bxf4 18. Qxf4 Qxf4 19. gxf4 Rd4 20. Re7 Rf8 21. f5 Rd2 22. Rc1 c6 23. Kg2 Rxb2 24. a4 Kd8 25. Rce1 Rb3 26. Nd1 Nd5 27. R7e5 Rb4 28. Ne3 Nxe3+ 29. R1xe3 Rxa4 30. Re7 Rb4 31. R7e5 Rd4 32. Re7 Rd7 33. R7e5 b5 34. Ra3 Re8 35. Rc5 Rc7 36. Rxa6 Kd7 37. Ra1 Kd6 38. Rac1 Re5 39. R5c2 c5 40. Rd1+ Kc6 41. Ra2 c4 42. Ra6+ Kc5 43. Rdd6 c3 44. Rd1 c2 45. Rc1 Kb4 46. Ra2 Kb3 47. Ra6 Kb2 48. Raa1 b4 0-1

[Event "IECC CL6-2012.01 email"]
[Site "IECC email"]
[Date "2012.02.01"]
[Round "?"]
[White "Khramkov, Alexey Gennadievic"]
[Black "Kirk, Matthew"]
[Result "0-1"]
[WhiteElo "1249"]
[BlackElo "1331"]
[PlyCount "64"]
[EventDate "2012.??.??"]
[EventType "tourn (corr)"]
[EventRounds "4"]
[SourceTitle "Telechess CBM 165"]
[Source "ChessBase"]
[SourceDate "2015.03.11"]
[SourceVersion "1"]
[SourceVersionDate "2015.03.11"]
[SourceQuality "1"]
[WhiteTeam "England"]
[BlackTeam "England"]
[WhiteTeamCountry "ENG"]
[BlackTeamCountry "ENG"]

1. e4 g6 2. Nc3 Bg7 3. f4 c6 4. Nf3 d5 5. exd5 cxd5 6. Bb5+ Bd7 7. Bxd7+ Qxd7 8. Ne5 Bxe5 9. fxe5 d4 10. Ne4 Qf5 11. Qf3 Qxe5 12. 0-0 f5 13. Nf2 Nc6 14. d3 Qc5 15. Qe2 Nf6 16. Bh6 0-0-0 17. a3 Qe5 18. Qd2 Ng4 19. Nxg4 fxg4 20. Rae1 Qd5 21. Qf4 Qh5 22. Bg7 Rhg8 23. Qf7 Qc5 24. Rf2 Kb8 25. Re4 h5 26. Qxg6 Qb5 27. b3 Qc5 28. a4 Qd5 29. Qf7 Qg5 30. Bxd4 Rxd4 31. Rxd4 Nxd4 32. Qc4 Nf3+ 0-1

[Event "SF-2011-0-00124"]
[Site "LSS email"]
[Date "2011.12.19"]
[Round "?"]
[White "Khramkov, Alexey Gennadievic"]
[Black "Pauk, Jozef"]
[Result "0-1"]
[WhiteElo "1106"]
[BlackElo "996"]
[PlyCount "60"]
[EventDate "2011.11.24"]
[EventType "tourn (corr)"]
[EventRounds "6"]
[EventCountry "GER"]
[SourceTitle "Telechess CBM 157"]
[Source "ChessBase"]
[SourceDate "2013.11.12"]
[SourceVersion "1"]
[SourceVersionDate "2013.11.12"]
[SourceQuality "1"]

1. e4 e5 2. Nc3 Bc5 3. f4 d6 4. Nf3 Bg4 5. h3 Bxf3 6. Qxf3 Nc6 7. Bb5 Nge7 8. d3 0-0 9. Bxc6 Nxc6 10. Be3 Bxe3 11. Qxe3 exf4 12. Qxf4 Nd4 13. 0-0-0 a5 14. Qf2 c5 15. Ne2 Nxe2+ 16. Qxe2 b5 17. h4 a4 18. c3 a3 19. b3 b4 20. c4 Qf6 21. Qc2 Qa1+ 22. Kd2 Qd4 23. Rdf1 Rae8 24. g4 Rxe4 25. Rf5 Rxg4 26. Kc1 Rg1+ 27. Rxg1 Qxg1+ 28. Qd1 Qh2 29. Qd2 Qxh4 30. Qf4 Qe1+ 0-1

[Event "SF-2011-0-00124"]
[Site "LSS email"]
[Date "2011.12.18"]
[Round "?"]
[White "Raines, David T"]
[Black "Khramkov, Alexey Gennadievic"]
[Result "1/2-1/2"]
[WhiteElo "1104"]
[BlackElo "1106"]
[PlyCount "37"]
[EventDate "2011.11.24"]
[EventType "tourn (corr)"]
[EventRounds "6"]
[EventCountry "GER"]
[SourceTitle "Telechess CBM 157"]
[Source "ChessBase"]
[SourceDate "2013.11.12"]
[SourceVersion "1"]
[SourceVersionDate "2013.11.12"]
[SourceQuality "1"]

1. Nf3 d5 2. d4 Nc6 3. c4 Bg4 4. e3 e6 5. Nc3 Nf6 6. a3 a5 7. h3 Bxf3 8. Qxf3 Be7 9. Bd3 0-0 10. 0-0 Qd7 11. Bd2 b6 12. cxd5 exd5 13. Rac1 Na7 14. Rfd1 c6 15. Bb1 Rfb8 16. e4 dxe4 17. Nxe4 Nb5 18. Be3 Nd6 19. Nxf6+ 1/2-1/2

[Event "SF-2011-0-00115"]
[Site "LSS email"]
[Date "2011.10.20"]
[Round "?"]
[White "Werner, Guenter"]
[Black "Khramkov, Alexey Gennadievic"]
[Result "1-0"]
[WhiteElo "1178"]
[BlackElo "1106"]
[PlyCount "53"]
[EventDate "2011.09.13"]
[EventType "tourn (corr)"]
[EventRounds "6"]
[EventCountry "GER"]
[SourceTitle "Telechess CBM 157"]
[Source "ChessBase"]
[SourceDate "2013.11.12"]
[SourceVersion "1"]
[SourceVersionDate "2013.11.12"]
[SourceQuality "1"]

1. c4 e5 2. Nc3 f5 3. e4 d6 4. d3 Nf6 5. exf5 Bxf5 6. f4 Nc6 7. Nge2 Be7 8. Ng3 Bg6 9. Be2 0-0 10. 0-0 Nd4 11. f5 Bf7 12. Nce4 a6 13. Ng5 Nxe2+ 14. Qxe2 h6 15. Ne6 Bxe6 16. fxe6 Qe8 17. Qf3 Rb8 18. Nf5 Kh7 19. Qg3 Nh5 20. Qg4 g6 21. Nxh6 Rxf1+ 22. Kxf1 Qf8+ 23. Nf7 Qg7 24. Kg1 Nf4 25. g3 Nxd3 26. Bh6 Qf6 27. Rf1 1-0

[Event "IECC CL7-2011.06 email"]
[Site "IECC email"]
[Date "2011.10.17"]
[Round "?"]
[White "Dawkins, Arthur William"]
[Black "Khramkov, Alexey Gennadievic"]
[Result "0-1"]
[WhiteElo "1049"]
[BlackElo "1160"]
[PlyCount "48"]
[EventDate "2011.??.??"]
[EventType "tourn (corr)"]
[EventRounds "4"]
[SourceTitle "Telechess CBM 149"]
[Source "ChessBase"]
[SourceDate "2012.07.17"]
[SourceVersion "1"]
[SourceVersionDate "2012.07.17"]
[SourceQuality "1"]
[WhiteTeam "England"]
[WhiteTeamCountry "ENG"]

1. e4 Nc6 2. Nf3 d6 3. Bb5 Bd7 4. 0-0 Nf6 5. d3 e5 6. c3 Na5 7. Bxd7+ Qxd7 8. Bg5 Be7 9. h3 h6 10. Bh4 g5 11. Bg3 Nc6 12. Nbd2 g4 13. hxg4 Nxg4 14. Nh4 0-0-0 15. Nf5 h5 16. Nxe7+ Nxe7 17. d4 h4 18. Bh2 Nxh2 19. Kxh2 exd4 20. cxd4 f5 21. Rc1 f4 22. Rh1 h3 23. Kg1 hxg2 24. Kxg2 Rdg8+ 0-1

[Event "FICGS class E 000138 email"]
[Site "FICGS email"]
[Date "2011.05.03"]
[Round "1"]
[White "Piantadosi, Angelo"]
[Black "Khramkov, Alexey Gennadievic"]
[Result "1-0"]
[WhiteElo "1306"]
[BlackElo "1286"]
[PlyCount "63"]
[EventDate "2011.??.??"]
[EventType "tourn (corr)"]
[EventRounds "1"]
[SourceTitle "Corr 2013"]
[Source "ChessBase"]
[SourceDate "2012.11.12"]
[SourceVersion "1"]
[SourceVersionDate "2012.11.12"]
[SourceQuality "1"]

1. e4 Nc6 2. Nf3 d6 3. d4 Bg4 4. c3 Nf6 5. Bd3 e5 6. d5 Ne7 7. 0-0 a6 8. Be3 Ng6 9. Nbd2 Qd7 10. c4 Nh4 11. Be2 Nxf3+ 12. Bxf3 Bxf3 13. Qxf3 h5 14. b4 Be7 15. c5 Ng4 16. h3 Nxe3 17. fxe3 f6 18. Qg3 g5 19. a4 0-0-0 20. cxd6 Qxd6 21. b5 a5 22. Rfc1 Kb8 23. Rc4 Rdg8 24. Rac1 Bd8 25. Nb3 b6 26. Rc6 Qb4 27. Nd4 h4 28. Qg4 exd4 29. Rxb6+ Ka7 30. Qc8 Qe1+ 31. Rxe1 cxb6 32. Rc1 1-0

[Event "BI-2011-P-00027"]
[Site "LSS email"]
[Date "2011.04.17"]
[Round "?"]
[White "Khramkov, Alexey Gennadievic"]
[Black "Basson, Heinrich"]
[Result "0-1"]
[WhiteElo "1132"]
[BlackElo "1390"]
[PlyCount "80"]
[EventDate "2011.04.20"]
[EventType "tourn (corr)"]
[EventRounds "10"]
[EventCountry "GER"]
[SourceTitle "Telechess CBM 151"]
[Source "ChessBase"]
[SourceDate "2012.11.13"]
[SourceVersion "1"]
[SourceVersionDate "2012.11.13"]
[SourceQuality "1"]

1. e4 e5 2. Nf3 Nc6 3. d4 exd4 4. Nxd4 Bc5 5. Nxc6 Qf6 6. Qf3 dxc6 7. Bc4 Be6 8. Bxe6 Qxe6 9. Bf4 0-0-0 10. 0-0 Nf6 11. Nd2 Rd7 12. Rfe1 Ng4 13. Re2 Rhd8 14. Rf1 Ne5 15. Bxe5 Qxe5 16. Nc4 Qe6 17. b3 h6 18. Nb2 g5 19. Rfe1 g4 20. Qf5 Qxf5 21. exf5 Bb4 22. Rf1 Rd2 23. Rxd2 Rxd2 24. Nd3 Bd6 25. Ne1 Kd7 26. g3 Ke7 27. f3 Bc5+ 28. Kh1 gxf3 29. Nd3 Bd4 30. Rxf3 Rxc2 31. a4 c5 32. Nf4 Kd6 33. g4 Ke5 34. Nh3 Rb2 35. Rd3 Ke4 36. Rg3 f6 37. Ng1 Rb1 38. h4 Kf4 39. Kh2 Bxg1+ 40. Rxg1 Rxg1 0-1

[Event "BI-2011-P-00027"]
[Site "LSS email"]
[Date "2011.04.17"]
[Round "?"]
[White "Koch, Christian"]
[Black "Khramkov, Alexey Gennadievic"]
[Result "1-0"]
[WhiteElo "2200"]
[BlackElo "1132"]
[PlyCount "67"]
[EventDate "2011.04.20"]
[EventType "tourn (corr)"]
[EventRounds "10"]
[EventCountry "GER"]
[SourceTitle "Telechess CBM 151"]
[Source "ChessBase"]
[SourceDate "2012.11.13"]
[SourceVersion "1"]
[SourceVersionDate "2012.11.13"]
[SourceQuality "1"]

1. e4 Nc6 2. Nf3 d6 3. d4 Nf6 4. Nc3 Bg4 5. Be3 e5 6. d5 Ne7 7. Be2 a6 8. Nd2 Bxe2 9. Qxe2 Ng6 10. 0-0-0 b5 11. a3 Qb8 12. g3 b4 13. axb4 Qxb4 14. f3 Be7 15. Qc4 Qxc4 16. Nxc4 Nd7 17. Kd2 0-0 18. Ke2 f5 19. Ra1 f4 20. Bf2 Rfb8 21. Ra2 Rb4 22. b3 Nb6 23. Na5 Nc8 24. Rha1 Bg5 25. Nc6 Rb7 26. Rxa6 Rxa6 27. Rxa6 Kf7 28. Ra8 Nb6 29. Bxb6 cxb6 30. Nb5 Rd7 31. Nb8 Rd8 32. Ra7+ Ke8 33. Nc7+ Kf7 34. Ne6+ 1-0

[Event "SF-2011-0-00093"]
[Site "LSS email"]
[Date "2011.04.12"]
[Round "?"]
[White "Csaba, Fodor"]
[Black "Khramkov, Alexey Gennadievic"]
[Result "0-1"]
[WhiteElo "1160"]
[BlackElo "1040"]
[PlyCount "88"]
[EventDate "2011.03.20"]
[EventType "tourn (corr)"]
[EventRounds "6"]
[EventCountry "GER"]
[SourceTitle "Telechess CBM 147"]
[Source "ChessBase"]
[SourceDate "2012.03.16"]
[SourceVersion "1"]
[SourceVersionDate "2012.03.16"]
[SourceQuality "1"]

1. e4 Nc6 2. d4 d5 3. Nc3 dxe4 4. d5 Ne5 5. Bf4 Ng6 6. Nge2 Nf6 7. Qd4 Nxf4 8. Nxf4 c6 9. 0-0-0 Qc7 10. Nxe4 Qxf4+ 11. Kb1 Qxe4 12. Qxe4 Nxe4 13. dxc6 bxc6 14. Re1 Nxf2 15. Rg1 Ng4 16. Bd3 e6 17. h3 Nf6 18. g4 Bc5 19. Rgf1 0-0 20. g5 Nd5 21. c4 Ba6 22. Rf3 Nb6 23. b3 Rad8 24. Kc2 Bd4 25. Rd1 c5 26. Rff1 Bb7 27. a3 a5 28. Rfe1 Bg2 29. h4 e5 30. Rd2 Bc6 31. Rde2 f5 32. gxf6 Rxf6 33. a4 Rf4 34. Be4 Bxe4+ 35. Rxe4 Rdf8 36. Rxf4 Rxf4 37. h5 e4 38. Kd1 Nd7 39. Re2 Ne5 40. Re1 e3 41. b4 cxb4 42. Rxe3 Bxe3 43. Ke2 Nxc4 44. Kd3 b3 0-1

[Event "SF-2011-0-00093"]
[Site "LSS email"]
[Date "2011.04.12"]
[Round "?"]
[White "Trevis, Robert R"]
[Black "Khramkov, Alexey Gennadievic"]
[Result "0-1"]
[WhiteElo "849"]
[BlackElo "1040"]
[PlyCount "66"]
[EventDate "2011.03.20"]
[EventType "tourn (corr)"]
[EventRounds "6"]
[EventCountry "GER"]
[SourceTitle "Telechess CBM 147"]
[Source "ChessBase"]
[SourceDate "2012.03.16"]
[SourceVersion "1"]
[SourceVersionDate "2012.03.16"]
[SourceQuality "1"]

1. c4 e5 2. Nf3 Nc6 3. Nc3 f5 4. d4 exd4 5. Nxd4 Qf6 6. Nd5 Qxd4 7. Nxc7+ Kd8 8. Nxa8 Bb4+ 9. Bd2 Qxb2 10. Rc1 Nf6 11. Qc2 Bxd2+ 12. Qxd2 Qxd2+ 13. Kxd2 d6 14. e3 Be6 15. Bd3 Kc8 16. f3 Kb8 17. c5 Kxa8 18. cxd6 Rd8 19. Rc5 Rxd6 20. Rhc1 Nd7 21. Rb5 a6 22. Rb2 Nde5 23. Rc3 Nc4+ 24. Kc1 Nxb2 25. Kxb2 Nb4 26. Bc4 Bxc4 27. Rxc4 Nc6 28. Rc2 Ka7 29. e4 fxe4 30. fxe4 g5 31. Re2 Kb6 32. e5 Re6 33. h4 gxh4 0-1

[Event "FICGS class F 000090 email"]
[Site "FICGS email"]
[Date "2011.01.06"]
[Round "1"]
[White "Kehayov, Yulian"]
[Black "Khramkov, Alexey Gennadievic"]
[Result "0-1"]
[WhiteElo "1071"]
[BlackElo "1279"]
[PlyCount "44"]
[EventDate "2011.??.??"]
[EventType "tourn (corr)"]
[EventRounds "5"]
[SourceTitle "Corr 2013"]
[Source "ChessBase"]
[SourceDate "2012.11.12"]
[SourceVersion "1"]
[SourceVersionDate "2012.11.12"]
[SourceQuality "1"]

1. e4 Nc6 2. d4 d5 3. e5 Bf5 4. Nf3 h6 5. Bd3 Bxd3 6. Qxd3 e6 7. 0-0 Qd7 8. c4 dxc4 9. Qxc4 0-0-0 10. Be3 f6 11. exf6 Nxf6 12. Qd3 e5 13. Rd1 e4 14. Qe2 exf3 15. Qxf3 Bb4 16. Nc3 Bxc3 17. bxc3 Qd5 18. Qxd5 Nxd5 19. c4 Nxe3 20. fxe3 Rhe8 21. Re1 Re4 22. Rac1 Nb4 0-1